00881cam a22002531a 4500001001300000003000400013005001700017008004100034010001700075035002000092040003400112042001200146050001700158100001800175245008300193250002000276260005100296300003800347500008200385504004100467650003700508740006500545999001700610ne 65001476 DLC20260227111815.0920811m19489999iq ab b 000 0 ara  ane 65001476  a(OCoLC)26373548 aDLCcMWalBdMWalBdOCoLCdDLC apremarc00aTC913.I7bS61 aSousa, Ahmed.10aRī Sāmarrāʼ fī ʻahd al-khilāfah al-ʻAbbāsīyah /cAhmed Sousa. aal-Ṭabʻah 1. aBaghdād :bMaṭbuʻah al-Maʻārif,c1948- av. :bill., folded maps ;c25 cm. aCover title: The irrigation system of Samarrah during the Abbassid caliphate. aIncludes bibliographical references. 0aIrrigationzIraqzSāmarrāʼ.0 aIrrigation system of Samarrah during the Abbassid Caliphate. c48271d48271